The Legacy of Latin American land reform /
Guardado en:
| Hovedforfatter: | |
|---|---|
| Format: | Texto |
| Tags: |
Tilføj Tag
Ingen Tags, Vær først til at tagge denne postø!
|
MARC
| LEADER | 00000 a a2200000 04500 | ||
|---|---|---|---|
| 001 | 10028 | ||
| 003 | |||
| 040 | |||
| 100 | |a Barranclough, Solon L. | ||
| 245 | |a The Legacy of Latin American land reform / |c Solon L. Barranclough | ||
| 773 | |g volumen 38, número 3; páginas 16-21 | ||
| 999 | |c 27774 |d 27774 | ||
